| 000 | 00967cam a2200301 a 4500 | ||
|---|---|---|---|
| 999 |
_c3430 _d3430 |
||
| 001 | .b25882132 | ||
| 003 | OSt | ||
| 005 | 20240108115729.0 | ||
| 008 | 160601s2016 mauab 000 0 eng d | ||
| 020 |
_a9781285847047 _q(pbk.) |
||
| 020 |
_a9781285847047 _q(pbk.) |
||
| 040 |
_aNTNU _cNTNU _dRDI _dKH8 |
||
| 042 | _anbic | ||
| 082 | 0 | _a428.24 DOU | |
| 245 | 0 | 0 |
_aReading Explorer. _n5 / _cNancy Douglas, David Bohlke, Helen Huntley, Bruce Rogers, Paul MacIntyre. |
| 250 | _a2nd ed. | ||
| 260 |
_aBoston, MA : _bNational Geographic Learning/Cengage Learning, _cc2016. |
||
| 300 |
_a272 p. : _bill. (some col.) ; _c28 cm. |
||
| 500 | _aAt head of cover: National Geographic. | ||
| 650 | 0 | _aReading comprehension. | |
| 650 | 0 | _aDiscoveries in geography. | |
| 650 | 0 | _aReading comprehension. | |
| 655 | 0 | _aReaders (Adult) | |
| 655 | 0 | _aReaders for new literates. | |
| 700 | 1 | _aRogers, Bruce. | |
| 710 | 2 | _aNational Geographic Society (U.S.) | |
| 942 |
_2ddc _cTR |
||